[Event "Perth op"]
[Site "Perth"]
[Date "2023.01.03"]
[Round "3"]
[White "Holliday, Bruce M"]
[Black "Vujasin, Nikola"]
[Result "1-0"]
[WhiteElo "1760"]
[BlackElo "1539"]
[PlyCount "41"]
[EventDate "2023.01.02"]
[EventType "swiss"]
[EventRounds "11"]
[EventCountry "AUS"]
[SourceTitle "CBM 212 Extra"]
[Source "ChessBase"]
[SourceDate "2023.03.31"]
[SourceVersion "1"]
[SourceVersionDate "2023.03.31"]
[SourceQuality "1"]

1. e4 c5 2. Nf3 Nc6 3. d4 cxd4 4. Nxd4 e6 5. Nc3 a6 6. Be2 Qc7 7. Be3 Nf6 8. 0-0 Be7 9. f4 d6 10. Kh1 0-0 11. Qe1 Nxd4 12. Bxd4 b5 13. e5 Ne8 14. Bd3 d5 15. f5 b4 16. f6 Bxf6 17. exf6 bxc3 18. fxg7 Nxg7 19. Be5 Qe7 20. Bf6 Qc7 21. Qh4 1-0

[Event "Cammeray Norths op"]
[Site "Cammeray"]
[Date "2011.01.04"]
[Round "3"]
[White "Vujasin, Nikola"]
[Black "Rewais, Sarwat"]
[Result "0-1"]
[WhiteElo "1463"]
[BlackElo "1686"]
[PlyCount "112"]
[EventDate "2011.01.02"]
[EventType "swiss"]
[EventRounds "7"]
[EventCountry "AUS"]
[SourceTitle "EXT 2013"]
[Source "ChessBase"]
[SourceDate "2012.11.22"]
[SourceVersion "1"]
[SourceVersionDate "2012.11.22"]
[SourceQuality "1"]

1. d4 d5 2. c4 c6 3. Nf3 Bf5 4. Nc3 e6 5. e3 Nf6 6. Bd3 Bg6 7. 0-0 Nbd7 8. Re1 Bb4 9. a3 Be7 10. b4 Rc8 11. c5 0-0 12. Bxg6 hxg6 13. Qd3 Qc7 14. e4 dxe4 15. Nxe4 Nxe4 16. Rxe4 Nf6 17. Bf4 Qd8 18. Ree1 Nd5 19. Bg3 a6 20. h3 Bf6 21. Bd6 Re8 22. Ne5 b5 23. Reb1 Bxe5 24. Bxe5 Qg5 25. g3 f6 26. Bd6 Rcd8 27. f4 Qf5 28. Qf1 Qe4 29. Qf2 Qe3 30. Qxe3 Nxe3 31. a4 Nc2 32. Ra2 Nxd4 33. axb5 axb5 34. Ra7 Ra8 35. Rba1 Rxa7 36. Rxa7 Nc2 37. Ra2 Nxb4 38. Rb2 Nd5 39. Ra2 Rc8 40. Ra6 Nc3 41. Kf2 Nd5 42. Ke2 Nb4 43. Ra7 Nd5 44. Kd2 Kh7 45. Ke2 e5 46. fxe5 fxe5 47. Kd3 Re8 48. Ke4 Nf6+ 49. Kf3 e4+ 50. Ke2 e3 51. Rc7 Nd5 52. Rxc6 Ra8 53. Be5 Ra2+ 54. Ke1 e2 55. Bd4 Nb4 56. Re6 Nd3# 0-1

[Event "Doeberl Cup Major 48th"]
[Site "Canberra"]
[Date "2010.04.04"]
[Round "5"]
[White "Anderson Smith, William T"]
[Black "Vujasin, Nikola"]
[Result "1/2-1/2"]
[WhiteElo "1560"]
[BlackElo "1680"]
[PlyCount "50"]
[EventDate "2010.04.02"]
[EventType "swiss"]
[EventRounds "7"]
[EventCountry "AUS"]
[SourceTitle "EXT 2012"]
[Source "ChessBase"]
[SourceDate "2011.11.24"]
[SourceVersion "1"]
[SourceVersionDate "2011.11.24"]
[SourceQuality "1"]

1. d4 Nf6 2. c4 g6 3. Nc3 d5 4. Bf4 c6 5. e3 Bg7 6. Nf3 0-0 7. Qb3 Nbd7 8. cxd5 Nh5 9. Bg3 Nxg3 10. hxg3 cxd5 11. Nxd5 e5 12. dxe5 Nxe5 13. Nxe5 Bxe5 14. Bc4 Qa5+ 15. Ke2 b5 16. Ne7+ Kg7 17. Bd5 Bg4+ 18. f3 Be6 19. Bxe6 fxe6 20. Qxe6 Bf6 21. Qh3 Bxe7 22. Qxh7+ Kf6 23. Qh4+ Kf7 24. Qh7+ Kf6 25. Qh4+ Kf7 1/2-1/2

[Event "Doeberl Cup Major 48th"]
[Site "Canberra"]
[Date "2010.04.04"]
[Round "6"]
[White "Vujasin, Nikola"]
[Black "Tenorio, Leonardo"]
[Result "0-1"]
[WhiteElo "1680"]
[BlackElo "1644"]
[PlyCount "92"]
[EventDate "2010.04.02"]
[EventType "swiss"]
[EventRounds "7"]
[EventCountry "AUS"]
[SourceTitle "EXT 2012"]
[Source "ChessBase"]
[SourceDate "2011.11.24"]
[SourceVersion "1"]
[SourceVersionDate "2011.11.24"]
[SourceQuality "1"]

1. d4 e6 2. c4 d5 3. Nf3 Nf6 4. Bg5 Bb4+ 5. Nc3 h6 6. Bh4 g5 7. Bg3 Ne4 8. Qc2 c5 9. a3 Qa5 10. Rc1 Bxc3+ 11. bxc3 Qxa3 12. cxd5 exd5 13. e3 c4 14. Bxc4 Nxg3 15. Bb5+ Bd7 16. Bxd7+ Nxd7 17. hxg3 0-0-0 18. 0-0 Qd6 19. c4 Kb8 20. c5 Qc6 21. Rb1 Ka8 22. Ne1 b6 23. Nd3 bxc5 24. dxc5 Rc8 25. Rfc1 Rc7 26. Ra1 Rb8 27. Ra5 Rb5 28. Rxb5 Qxb5 29. Qc3 f6 30. Qd4 Qb3 31. Nb4 Nxc5 32. Qxd5+ Qxd5 33. Nxd5 Rc6 34. Nxf6 Rxf6 35. Rxc5 Kb7 36. f4 Kb6 37. Rd5 a5 38. fxg5 hxg5 39. Rxg5 a4 40. Rd5 Kb7 41. g4 a3 42. g5 a2 43. Rd1 Rb6 44. g6 Rb1 45. g7 Rxd1+ 46. Kf2 Rd8 0-1